书目信息 |
| 题名: |
了不起的盖茨比
|
|
| 作者: | 菲茨杰拉德 著 ;黄庆芳 译 | |
| 分册: | ||
| 出版信息: | 北京 北京理工大学出版社 2020.10 |
|
| 页数: | 359页 | |
| 开本: | 21cm | |
| 丛书名: | 床头灯英语 | |
| 单 册: | ||
| 中图分类: | H319 | |
| 科图分类: | ||
| 主题词: | 长篇小说--chang pian xiao shuo--美国--现代--英语--汉语--对照读物 | |
| 电子资源: | ||
| ISBN: | 978-7-5682-9047-0 | |
| 000 | 01249nam 2200277 450 | |
| 001 | CAL 0120203111891 | |
| 005 | 20201124104938.4 | |
| 010 | @a978-7-5682-9047-0@dCNY49.80 | |
| 100 | @a20201124d2020 em y0chiy0120 ea | |
| 101 | 1 | @achi@aeng@ceng |
| 102 | @aCN@b110000 | |
| 105 | @aa z 000ay | |
| 106 | @ar | |
| 200 | 1 | @a了不起的盖茨比@Aliao bu qi de gai ci bi@d= The great Gatsby@f(美) F·斯科特·菲茨杰拉德著@g黄庆芳译@zeng |
| 210 | @a北京@c北京理工大学出版社@d2020.10 | |
| 215 | @a359页@c图@d21cm | |
| 225 | 2 | @a床头灯英语@Achuang tou deng ying yu@e英汉对照@i5000词读物 |
| 330 | @a他在一个军训营里任中尉时, 爱上了南方的大家闺秀黛茜·费。可是当他戴着军功勋章在战争结束后从海外归来时, 黛茜已嫁给了一位来自芝加哥的、体格健壮、极为富有但举止粗鲁的纨绔子弟汤姆·布坎农, 沉醉于爱情梦幻中的盖茨比艰苦创业, 由一个贫穷的军官奋斗成为百万富翁。 | |
| 410 | 0 | @12001 @a床头灯英语@i5000词读物 (英汉对照) |
| 500 | 10 | @aGreat Gatsby@mChinese |
| 606 | 0 | @a长篇小说@Achang pian xiao shuo@y美国@z现代@x英语@x汉语@j对照读物 |
| 690 | @aH319@v5 | |
| 701 | 1 | @a菲茨杰拉德@Afei ci jie la de@g(Fitzgeald, Francis Scott),@f1896-1940@4著 |
| 702 | 0 | @a黄庆芳@Ahuang qing fang@4译 |
| 801 | 0 | @aCN@b人天书店@c20201124 |
| 905 | @aTSG@b0000640@dH319@eF318@f2 | |
| 了不起的盖茨比= The great Gatsby/(美) F·斯科特·菲茨杰拉德著/黄庆芳译.-北京:北京理工大学出版社,2020.10 |
| 359页:图;21cm.-(床头灯英语:英汉对照.5000词读物) |
| ISBN 978-7-5682-9047-0:CNY49.80 |
| 他在一个军训营里任中尉时, 爱上了南方的大家闺秀黛茜·费。可是当他戴着军功勋章在战争结束后从海外归来时, 黛茜已嫁给了一位来自芝加哥的、体格健壮、极为富有但举止粗鲁的纨绔子弟汤姆·布坎农, 沉醉于爱情梦幻中的盖茨比艰苦创业, 由一个贫穷的军官奋斗成为百万富翁。 |
| ● |
| 相关链接 |
|
|
|
正题名:了不起的盖茨比
索取号:H319/F318
 
预约/预借
| 序号 | 登录号 | 条形码 | 馆藏地/架位号 | 状态 | 备注 |
| 1 | 1536373 | 215363737 | 语言库209/209语言库 41排6列5层/ [索取号:H319/F318] | 在馆 | |
| 2 | 1536374 | 215363746 | 外国语学院资料室/209语言库 41排6列5层/ [索取号:H319/F318] | 在馆 |